000 00642cam a2200229 4500500
005 20260405002344.0
041 _afre
042 _adc
100 1 0 _aRoux, Mathias
_eauthor
245 0 0 _aLe bonheur méthodique
260 _c2017.
500 _a46
690 _aAmour-propre
690 _aBonheur
690 _aDescartes
690 _aEstime de soi
690 _aGénérosité
690 _aLiberté
690 _aMathias Roux
786 0 _nPhilosophie magazine | 106 | 2 | 2017-02-01 | p. 31-32 | 1951-1787
856 4 1 _uhttps://shs.cairn.info/magazine-philosophie-magazine-2017-2-page-31?lang=fr&redirect-ssocas=7080
999 _c2056936
_d2056936